Profesionales y burócratas (Record no. 7286)

MARC details
000 -LEADER
campo de control de longitud fija 00983nam a2200301 i 4500
001 - NÚMERO DE CONTROL
campo de control 7286
003 - IDENTIFICADOR DE NÚMERO DE CONTROL
campo de control ES-MaACL
005 - FECHA Y HORA DE LA ÚLTIMA TRANSACCIÓN
campo de control 20231220062904.0
007 - CAMPO FIJO DE DESCRIPCIÓN FÍSICA--INFORMACIÓN GENERAL
campo de control de longitud fija t|
008 - DATOS DE LONGITUD FIJA--INFORMACIÓN GENERAL
campo de control de longitud fija 901115s1989 sp |||| | spa d
020 ## - NÚMERO INTERNACIONAL ESTÁNDAR DEL LIBRO
Número Internacional Estándar del Libro 84-323-0681-9
080 ## - NÚMERO DE LA CLASIFICACIÓN DECIMAL UNIVERSAL
Número de la Clasificación Decimal Universal 323.32(46)"1890/1923"
080 ## - NÚMERO DE LA CLASIFICACIÓN DECIMAL UNIVERSAL
Número de la Clasificación Decimal Universal 323.37(46)"1890/1923"
100 1# - ENTRADA PRINCIPAL--NOMBRE DE PERSONA
Nombre de persona Villacorta Baños, Francisco
9 (RLIN) 114913
245 10 - MENCIÓN DEL TÍTULO
Título Profesionales y burócratas
Resto del título : Estado y poder corporativo en la España del siglo XX, 1890-1923 /
Mención de responsabilidad, etc. Francisco Villacorta Baños.
250 ## - MENCION DE EDICION
Mención de edición 1ª ed.
260 ## - PUBLICACIÓN, DISTRIBUCIÓN, ETC.
Lugar de publicación, distribución, etc. Madrid :
Nombre del editor, distribuidor, etc. Siglo XXI de España,
Fecha de publicación, distribución, etc. 1989.
300 ## - DESCRIPCIÓN FÍSICA
Extensión X, 537 p. ;
Dimensiones 23 cm.
490 1# - MENCIÓN DE SERIE
Mención de serie Historia
500 ## - NOTA GENERAL
Nota general Índices.
504 ## - NOTA DE BIBLIOGRAFÍA, ETC.
Nota de bibliografía, etc. Bibliografía: p. 512-522.
650 14 - PUNTO DE ACCESO ADICIONAL DE MATERIA--TÉRMINO DE MATERIA
Término de materia o nombre geográfico como elemento de entrada Profesiones liberales-
Subdivisión geográfica España.
9 (RLIN) 164739
650 #4 - PUNTO DE ACCESO ADICIONAL DE MATERIA--TÉRMINO DE MATERIA
Término de materia o nombre geográfico como elemento de entrada Funcionarios-
Subdivisión geográfica España-
Subdivisión cronológica S.XX.
9 (RLIN) 164809
650 14 - PUNTO DE ACCESO ADICIONAL DE MATERIA--TÉRMINO DE MATERIA
Término de materia o nombre geográfico como elemento de entrada Colegios profesionales-
Subdivisión geográfica España.
9 (RLIN) 164740
830 0# - PUNTO DE ACCESO ADICIONAL DE SERIE-TÍTULO UNIFORME
Título uniforme Historia
9 (RLIN) 177536
852 ## - LOCALIZACIÓN
Ubicación ES-MaACL
Número de control de estantería L-14492
Holdings
Estatus retirado Estado de pérdida Estado de daño No para préstamo Biblioteca de origen Biblioteca actual Ubicación en estantería Fecha de adquisición Fuente de adquisición Total de préstamos Signatura topográfica completa Código de barras Visto por última vez Precio de reemplazo Tipo de ítem Koha
        Biblioteca del Ateneo de Madrid Biblioteca del Ateneo de Madrid Depósito 2 17/01/2008     L-14492 1007432 23/02/2023 23/02/2023 Libro impreso